000 00710nam a2200289Ia 4500
005 20260324115419.0
008 008 260324s9999 xx 000 0 eng d
020 _a9781315154381
037 _aEBOOK
040 _aCRL
040 _beng
040 _cCRL
041 _2eng
041 _aeng
084 _qCRL
100 _aJie Shan; Charles K. Toth
_91154569
245 0 _aTopographic Laser Ranging and Scanning
245 0 _bPrinciples and Processing, Second Edition
260 _bTaylor and Francis
260 _c2018
365 _a
365 _b465
856 _uhttp://www.taylorfrancis.com/books/9781315154381
942 _cEBOOK
999 _c1745439
_d1745439